Biochemistry (Record no. 80979)
[ view plain ]
| 000 -LEADER | |
|---|---|
| fixed length control field | 00803nam a2200169 a 4500 |
| 008 - FIXED-LENGTH DATA ELEMENTS--GENERAL INFORMATION | |
| fixed length control field | 120416s2000 ||||||||||||||||| || u |
| 020 ## - INTERNATIONAL STANDARD BOOK NUMBER | |
| International Standard Book Number | 0074603221 |
| 050 ## - LIBRARY OF CONGRESS CALL NUMBER | |
| Classification number | QH 345 Ras |
| 100 ## - MAIN ENTRY--PERSONAL NAME | |
| Personal name | Rastogi, S. C |
| 245 10 - TITLE STATEMENT | |
| Title | Biochemistry |
| 260 ## - PUBLICATION, DISTRIBUTION, ETC. (IMPRINT) | |
| Place of publication, distribution, etc | New Delhi |
| Name of publisher, distributor, etc | Tata McGraw-Hill |
| Date of publication, distribution, etc | 2000 |
| 350 ## - | |
| -- | 0.00 |
| 650 ## - SUBJECT ADDED ENTRY--TOPICAL TERM | |
| Topical term or geographic name as entry element | BIOCHEMISTRY |
| 995 ## - RECOMMENDATION 995 [LOCAL, UNIMARC FRANCE] | |
| -- | 0.00 |
| -- | CBU-MAIN LIBRARY (Kitwe) |
| -- | 1 |
| -- | 25.00 |
| -- | 1 |
| -- | AVAILABLE |
| -- | Aug 24, 2006 |
| -- | Main Library Open Access Collection |
| 995 ## - RECOMMENDATION 995 [LOCAL, UNIMARC FRANCE] | |
| -- | 0.00 |
| -- | CBU-MAIN LIBRARY (Kitwe) |
| -- | 2 |
| -- | 25.00 |
| -- | 2 |
| -- | DAMAGED |
| -- | Main Library Open Access Collection |
| 995 ## - RECOMMENDATION 995 [LOCAL, UNIMARC FRANCE] | |
| -- | 0.00 |
| -- | CBU-MAIN LIBRARY (Kitwe) |
| -- | 3 |
| -- | 25.00 |
| -- | 3 |
| -- | DAMAGED |
| -- | Main Library Open Access Collection |
| Withdrawn status | Lost status | Source of classification or shelving scheme | Damaged status | Not for loan | Permanent Location | Current Location | Shelving location | Date acquired | Total Checkouts | Full call number | Barcode | Date last seen | Date checked out | Copy number | Price effective from | Koha item type |
|---|---|---|---|---|---|---|---|---|---|---|---|---|---|---|---|---|
| CBU-MAIN LIBRARY, KITWE. | CBU-MAIN LIBRARY, KITWE. | 07/14/2023 | 1 | QH 345 Ras | 029975 | 04/07/2025 | 03/17/2025 | 1 | 07/14/2023 | MONOGRAPH | ||||||
| CBU-MAIN LIBRARY, KITWE. | CBU-MAIN LIBRARY, KITWE. | 07/14/2023 | QH 345 Ras | 029976 | 07/14/2023 | 2 | 07/14/2023 | MONOGRAPH | ||||||||
| CBU-MAIN LIBRARY, KITWE. | CBU-MAIN LIBRARY, KITWE. | 07/14/2023 | QH 345 Ras | 029974 | 07/14/2023 | 3 | 07/14/2023 | MONOGRAPH |